[Event "7th EUR-ch (w) WCC playoff"]
[Site "Kusadasi TUR"]
[Date "2006.04.16"]
[Round "1.2"]
[White "Pahtz, Elisabeth"]
[Black "Melia, Salome"]
[Result "1-0"]
[WhiteElo "2438"]
[BlackElo "2391"]
[EventDate "2006.04.16"]
[PlyCount "178"]

1.e4 e6 2.Qe2 b6 3.Nf3 Bb7 4.d3 g6 5.g3 Bg7 6.Bg2 d6 7.O-O Ne7 8.h4 h6 9.
Re1 O-O 10.Nbd2 Nd7 11.Nf1 c5 12.Ne3 Nf6 13.c3 b5 14.Nh2 Kh7 15.Neg4 Nxg4 
16.Nxg4 Rb8 17.Qd2 h5 18.Nh2 Nc6 19.Nf3 b4 20.cxb4 Nxb4 21.d4 Ba6 22.dxc5 
Nd3 23.Rd1 dxc5 24.Rb1 c4 25.Qc2 Qa5 26.Bd2 Qxa2 27.Bc3 Qb3 28.Qxb3 Rxb3 
29.e5 Bh6 30.Ra1 Bb7 31.Nd4 Rb6 32.Rxa7 Bxg2 33.Kxg2 Nxe5 34.Re1 Bg7 35.
Rc7 Kg8 36.f4 Nd3 37.Re2 Rfb8 38.Rxc4 Nxb2 39.Bxb2 Rxb2 40.Rxb2 Rxb2+ 41.
Kf3 Rd2 42.Nc6 Rd3+ 43.Kg2 Rc3 44.Rxc3 Bxc3 45.Na7 Kf8 46.Nb5 Bb4 47.Nd4 
Bc5 48.Nb3 Bb6 49.Kf3 Ke7 50.Nd2 Bd4 51.Ne4 f6 52.Nd2 Kd6 53.Ke4 Bc3 54.
Nc4+ Kc5 55.Ne3 Be1 56.Kf3 Bd2 57.Nf1 Bc1 58.Ke2 Kd4 59.Nh2 Ke4 60.Nf3 Be3
61.Ne1 Bc5 62.Nf3 Bb4 63.Ng1 Ba3 64.Nf3 Bc1 65.Ne1 e5 66.fxe5 fxe5 67.Nd3 
Ba3 68.Nf2+ Kf5 69.Kf3 Bc5 70.Ne4 Bb4 71.Nf2 Ke6 72.Ne4 Kd5 73.Ng5 Kd4 74.
Ne4 Be1 75.Ng5 Kd3 76.Ne4 Bb4 77.Ng5 Kd4 78.Ne4 Be7 79.Nf2 Kc3 80.Ne4+ Kd3
81.Nf2+ Kd2 82.Ne4+ Ke1 83.Nc3 Kf1 84.Ne4 Ke1 85.Nc3 Kd2 86.Ne4+ Kd3 87.
Nf2+ Kc3 88.Ke4 Kd2 89.Kxe5 Ke3 1-0